Countries Without a Railway Network - Statistics

General Stats
  • This quiz has been taken 51 times
  • The average score is 14 of 26
Answer Stats
Country % Correct
East Timor
67%
Tuvalu
65%
Vanuatu
65%
Andorra
63%
Iceland
63%
Cyprus
61%
Malta
61%
Marshall Islands
61%
Tonga
61%
Qatar
59%
San Marino
59%
Bhutan
57%
Solomon Islands
57%
Yemen
55%
Kuwait
53%
Oman
53%
Papua New Guinea
53%
Micronesia
47%
Rwanda
47%
Suriname
43%
Guinea Bissau
41%
Mauritius
41%
Somalia
41%
Libya
37%
Niger
29%
Trinidad and Tobago
12%
No matching quizzes found
Score Distribution
Percent of People with Each Score
Percentile by Number Answered
Your Score History
You have not taken this quiz